|
|
|
|
| LEADER |
00000cam a2200000 7i4500 |
| 001 |
0000020229 |
| 005 |
20080624.0 |
| 008 |
080624 |
| 020 |
|
|
|a 9839932898
|
| 090 |
0 |
0 |
|a 959.5119
|b MEN
|
| 245 |
1 |
0 |
|a Menelusuri sejarah tempatan Johor
|c editor by Kassim Thukiman ...[et al.]
|
| 260 |
|
|
|a Johor :
|b Yayasan Warisan Johor ,
|c 2001
|
| 650 |
|
0 |
|a Johor
|x history
|
| 700 |
1 |
|
|a Kassim Thukiman
|
| 700 |
1 |
|
|a Mahmud Embong
|
| 700 |
1 |
|
|a Yahaya Abu Bakar
|
| 710 |
1 |
|
|a Yayasan Warisan Johor
|
| 999 |
|
|
|a 0001026956
|b Book
|c REFERENCE
|e Perbadanan Perpustakaan Awam Johor
|
| 999 |
|
|
|a 0001026957
|b Book
|c REFERENCE
|e Perbadanan Perpustakaan Awam Johor
|
| 999 |
|
|
|a 0001029929
|b Book
|c REFERENCE
|e Perbadanan Perpustakaan Awam Johor
|
| 999 |
|
|
|a 0001029967
|b Book
|c REFERENCE
|e Perbadanan Perpustakaan Awam Johor
|